[Event "Saratov Region-ch"]
[Site "Saratov"]
[Date "2016.12.19"]
[Round "5"]
[White "Yastrebov, Nikita"]
[Black "Shirobokov, Daniil"]
[Result "0-1"]
[WhiteElo "1481"]
[BlackElo "1915"]
[PlyCount "114"]
[EventDate "2016.12.15"]
[EventType "swiss"]
[EventRounds "9"]
[EventCountry "RUS"]
[SourceTitle "EXT 2018"]
[Source "ChessBase"]
[SourceDate "2017.10.13"]
[SourceVersion "1"]
[SourceVersionDate "2017.10.13"]
[SourceQuality "1"]

1. e4 c5 2. Nc3 Nc6 3. Bb5 g6 4. Bxc6 bxc6 5. f4 Bg7 6. d3 d6 7. Nf3 Nf6 8. 0-0 0-0 9. Rb1 Rb8 10. Qe1 e5 11. fxe5 dxe5 12. Nxe5 Qd4+ 13. Qf2 Qxe5 14. Bf4 Qh5 15. Bxb8 Ng4 16. Qg3 Be6 17. Rbe1 Bd4+ 18. Kh1 Nxh2 19. Qxh2 Rxb8 20. Qxh5 gxh5 21. a4 Rxb2 22. Ne2 Be5 23. c4 Bg4 24. Nf4 Ra2 25. Rb1 Rxa4 26. Nxh5 Bxh5 27. Rf5 f6 28. Rxh5 Rb4 29. Rf1 a5 30. g4 h6 31. Rxh6 Kg7 32. g5 Rb8 33. Rh3 fxg5 34. Rf2 a4 35. Rhf3 a3 36. Rf7+ Kg6 37. Ra7 Rb3 38. Ra6 Kh5 39. Rxc6 Rxd3 40. Ra6 Bb2 41. e5 Bxe5 42. Kg2 Kg4 43. Ra5 Bd4 44. Re2 Kf4 45. Ra8 Rg3+ 46. Kh2 Rb3 47. Rf8+ Kg4 48. Re4+ Kh5 49. Re2 Rb2 50. Rxb2 Bxb2 51. Ra8 Kg4 52. Ra5 Kf4 53. Kg2 Ke3 54. Kg3 Kd4 55. Ra4 Kc3 56. Kg4 Kb3 57. Ra8 a2 0-1

[Event "Saratov Region-ch"]
[Site "Saratov"]
[Date "2016.12.18"]
[Round "4"]
[White "Shirobokov, Daniil"]
[Black "Nazarov, Georgiy"]
[Result "1-0"]
[WhiteElo "1915"]
[BlackElo "1564"]
[PlyCount "69"]
[EventDate "2016.12.15"]
[EventType "swiss"]
[EventRounds "9"]
[EventCountry "RUS"]
[SourceTitle "EXT 2018"]
[Source "ChessBase"]
[SourceDate "2017.10.13"]
[SourceVersion "1"]
[SourceVersionDate "2017.10.13"]
[SourceQuality "1"]

1. e4 e5 2. Nf3 Nf6 3. Nxe5 d6 4. Nf3 Nxe4 5. Nc3 Nxc3 6. dxc3 Bg4 7. Be3 Be7 8. h3 Bh5 9. Qd5 Bxf3 10. Qxf3 c6 11. 0-0-0 0-0 12. Bd4 Nd7 13. Qg3 Nf6 14. Bd3 d5 15. Rhe1 Qd6 16. Be5 Qd7 17. Qf3 b6 18. Bf5 Qb7 19. Rd4 Rfe8 20. Rdd1 Rad8 21. h4 Nd7 22. Bxh7+ Kxh7 23. Qh5+ Kg8 24. Bxg7 Kxg7 25. Rd3 Nf8 26. Rde3 Ng6 27. f4 Qc7 28. g3 Bxh4 29. Rxe8 Rxe8 30. Rxe8 Bxg3 31. a3 Qxf4+ 32. Kb1 a5 33. Qh3 Qd6 34. Qf5 Qf6 35. Rg8+ 1-0

[Event "Saratov Autumn Higher School Realty"]
[Site "Saratov"]
[Date "2012.09.26"]
[Round "6.5"]
[White "Shirobokov, Daniil"]
[Black "Vezinitsyn, Mikhail"]
[Result "1-0"]
[WhiteElo "1837"]
[BlackElo "1550"]
[PlyCount "68"]
[EventDate "2012.09.20"]
[EventType "swiss"]
[EventRounds "9"]
[EventCountry "RUS"]
[SourceTitle "EXT 2022"]
[Source "ChessBase"]
[SourceDate "2021.10.06"]
[SourceVersion "1"]
[SourceVersionDate "2021.10.06"]
[SourceQuality "1"]

1. e4 c5 2. Nf3 Nc6 3. c3 Nf6 4. e5 Ng4 5. d4 e6 6. Bd3 Qb6 7. Bc2 cxd4 8. cxd4 Bb4+ 9. Nc3 Qa5 10. Qd3 b6 11. 0-0 Ba6 12. Qd2 Bxf1 13. Kxf1 Rc8 14. Qd3 Bxc3 15. bxc3 Nb8 16. c4 d5 17. exd6 Qb4 18. h3 Nf6 19. Ne5 Nbd7 20. Ba3 Qa5 21. f4 Nh5 22. Bc1 g6 23. Bd2 Qa6 24. Bb3 f6 25. Nxd7 Kxd7 26. a4 Ng7 27. a5 Nf5 28. Ba4+ Kd8 29. Bb5 Qb7 30. axb6 a5 31. c5 Nh4 32. Qe2 Nf5 33. Qxe6 Ng3+ 34. Kg1 Qxg2+ 1-0